| 000 | 00441nam a22001577a 4500 | ||
|---|---|---|---|
| 005 | 20211230105950.0 | ||
| 008 | 170112b xxu||||| |||| 00| 0 eng d | ||
| 020 | _a8121927811 | ||
| 040 | _cc | ||
| 082 |
_a621.56 _bKHU |
||
| 100 |
_aKhurmi, R.S. _987149 |
||
| 245 |
_aA Textbook of Refrigeration and Air Conditioning / _cR.S. Khurmi, J.K. Gupta |
||
| 260 |
_aNew Delhi : _bS. Chand, _c2009. |
||
| 300 |
_a682 p. ; _c24 cm. |
||
| 942 |
_2ddc _cBK |
||
| 999 |
_c48216 _d48216 |
||